[Event "CYP-chB op"]
[Site "Nicosia"]
[Date "2015.01.11"]
[Round "3"]
[White "Michaelides, Konstantinos"]
[Black "Margaritis, Ioannis Prodromos"]
[Result "1/2-1/2"]
[WhiteElo "1697"]
[BlackElo "1890"]
[PlyCount "90"]
[EventDate "2015.01.09"]
[EventType "swiss"]
[EventRounds "9"]
[EventCountry "CYP"]
[SourceTitle "EXT 2016"]
[Source "ChessBase"]
[SourceDate "2015.10.08"]
[SourceVersion "1"]
[SourceVersionDate "2015.10.08"]
[SourceQuality "1"]

1. e4 c5 2. Nc3 Nc6 3. g3 Nf6 4. Bg2 e6 5. Nge2 Be7 6. d3 h6 7. 0-0 0-0 8. h3 a6 9. Be3 d5 10. exd5 exd5 11. d4 cxd4 12. Nxd4 Bb4 13. Nce2 Re8 14. c3 Bf8 15. Nf4 g5 16. Nfe2 Ne4 17. c4 dxc4 18. Nxc6 Qxd1 19. Rfxd1 bxc6 20. Rd4 f5 21. Rxc4 Rb8 22. b3 Bb7 23. Bxe4 Rxe4 24. Rxe4 fxe4 25. Rc1 Bg7 26. Rc4 Re8 27. b4 Re6 28. Nc1 Kf7 29. Nb3 Bf8 30. Nd2 c5 31. bxc5 Bc6 32. Nb3 Bb5 33. Rb4 Bg7 34. Bd4 Be5 35. a4 Bc6 36. Na5 Bxd4 37. Rxd4 Kf6 38. Rb4 Ke5 39. Rb6 Bxa4 40. Nc4+ Kd5 41. Ne3+ Ke5 42. Ng4+ Kd5 43. Nf6+ Ke5 44. Ng4+ Kd5 45. Ne3+ Ke5 1/2-1/2

[Event "CYP-chB op"]
[Site "Nicosia"]
[Date "2015.01.09"]
[Round "1"]
[White "Skettos, Nicolas"]
[Black "Margaritis, Ioannis Prodromos"]
[Result "0-1"]
[WhiteElo "1428"]
[BlackElo "1890"]
[PlyCount "150"]
[EventDate "2015.01.09"]
[EventType "swiss"]
[EventRounds "9"]
[EventCountry "CYP"]
[SourceTitle "EXT 2016"]
[Source "ChessBase"]
[SourceDate "2015.10.08"]
[SourceVersion "1"]
[SourceVersionDate "2015.10.08"]
[SourceQuality "1"]

1. e4 c5 2. c3 d5 3. exd5 Qxd5 4. Nf3 Nc6 5. d4 Bg4 6. Be2 cxd4 7. cxd4 e6 8. 0-0 Nf6 9. Nc3 Qd7 10. h3 Bxf3 11. Bxf3 Nxd4 12. Bxb7 Qxb7 13. Qxd4 Bb4 14. Rd1 0-0 15. Bg5 Be7 16. Qd2 Rfd8 17. Qc2 Rac8 18. Rac1 Nd5 19. Bxe7 Nxe7 20. Qe2 Nd5 21. Ne4 Rxc1 22. Rxc1 Nf4 23. Qc2 f5 24. g3 Nxh3+ 25. Kh2 Qxe4 26. Qxe4 fxe4 27. Kxh3 Rd2 28. Rc8+ Kf7 29. Rc7+ Kf6 30. Rxa7 Rxb2 31. Ra4 Rxf2 32. Rxe4 Rxa2 33. Kg4 Rf2 34. Ra4 Kg6 35. Ra6 Rf6 36. Ra5 Rf5 37. Ra6 Kf6 38. Rb6 Rd5 39. Kf4 Rd4+ 40. Ke3 Rg4 41. Kf3 h5 42. Ra6 Kf5 43. Ra8 g6 44. Rf8+ Ke5 45. Ra8 Rd4 46. Rg8 Rd3+ 47. Kf2 Kf5 48. Rf8+ Kg4 49. Rf4+ Kg5 50. Re4 Kf6 51. Rf4+ Ke7 52. Re4 g5 53. Kg2 Kf6 54. Kf2 Kf5 55. Ra4 e5 56. Ra5 Ke4 57. Ra4+ Rd4 58. Ra2 h4 59. Re2+ Kf5 60. gxh4 Rxh4 61. Kg3 Rf4 62. Ra2 g4 63. Ra5 Rf3+ 64. Kg2 Kf4 65. Ra8 Ke3 66. Re8 Rf5 67. Kg3 Rg5 68. Kh4 Kf4 69. Rf8+ Rf5 70. Rg8 Kf3 71. Re8 g3 72. Rg8 g2 73. Rg3+ Kf2 74. Kg4 Rg5+ 75. Kxg5 Kxg3 0-1